La revolución electrónica

שמור ב:
מידע ביבליוגרפי
מחבר ראשי: Burroughs, William Seward (Author)
פורמט: ספר
שפה:ספרדית
יצא לאור: Buenos Aires Numancia 2009
מהדורה:1a. ed
נושאים:
תגים: הוספת תג
אין תגיות, היה/י הראשונ/ה לתייג את הרשומה!

MARC

LEADER 00000cam a2200000 a 4500
001 UCF2515
003 CL-VaPUC
008 120824e20090000AG |||||||||||||||||spa|d
020 |a 9789871622023 
082 0 4 |a 814  |b BUR  |2 21 
100 0 |a Burroughs, William Seward  |e author  |9 564203 
245 1 3 |a La revolución electrónica 
250 |a 1a. ed 
300 |a 112 p 
942 |c BK 
945 |d 20120824 00:00:00  |a dcastane 
260 |a Buenos Aires  |b Numancia  |c 2009 
650 0 |a Ensayos estadounidenses  |9 268384 
650 7 |a DESARROLLO TECNOLOGICO  |2 CL-VaPUC  |9 259800 
650 7 |a REVOLUCION TECNOLOGICA  |2 CL-VaPUC  |9 391569 
583 |a last modification  |c 20141219 01:03:30  |k Rodrigo Vera 
999 |c 349071  |d 349069 
952 |0 0  |1 2  |4 0  |6 814_000000000000000_BUR_2009  |7 0  |8 A  |9 451461  |a BIBGIM  |b BIBGIM  |d 2019-11-22  |i 4895274  |o 814 BUR 2009  |p 4895274  |r 2019-11-22  |w 2019-11-22  |y BK  |k SSL 
952 |0 0  |1 0  |4 0  |6 814_000000000000000_BUR_2009  |7 0  |8 A  |9 451462  |a BIBART  |b BIBART  |d 2019-11-22  |i 4897102  |l 1  |o 814 BUR 2009  |p 4897102  |r 2025-03-13  |s 2022-04-26  |w 2019-11-22  |y BK  |k ART